[Event "2nd AICF Women-GM 2018"]
[Site "Hyderabad"]
[Date "2018.08.15"]
[Round "10"]
[White "Monnisha, GK."]
[Black "Vo, Thi Kim Phung"]
[Result "0-1"]
[WhiteElo "2219"]
[BlackElo "2377"]
[Annotator "TA"]
[PlyCount "100"]
[EventDate "2018.08.09"]
[EventType "tourn"]
[EventCountry "IND"]
[SourceTitle "playchess.com"]
[Source "ChessBase"]
[SourceQuality "1"]

{[%evp 14,100,1,6,27,24,29,0,0,0,0,-8,-1,-25,24,9,0,-65,20,31,15,0,24,0,151,121,119,120,145,108,116,110,206,106,128,47,55,31,72,0,0,0,2,-31,-25,-30,-14,-20,11,12,23,15,10,19,17,-17,-15,-38,-38,-36,-45,-620,-658,-796,-781,-708,-578,-914,-879,-1013,-1127,-1106,-1038,-1603,-1550,-1781,-1901,-3142,-2984,-2992,-2867,-29981,-29983,-29980,-29977,-29990,-29991,-29991,-29992]} 1. e4 e6 2. d4 d5 3. Nc3 Nf6 4. e5 Nfd7 5. f4 c5 6. Nf3 Nc6 7. Be3 Be7 8. Qd2 {LiveBook: 1221 Games} c4 {C11: French: Classical System: 4 e5 and 4 Bg5 dxe4} (8... b6 9. Bb5 Bb7 10. O-O a6 11. Bxc6 Bxc6 12. Nd1 Qc7 13. Nf2 O-O-O 14. a4 Kb8 15. b3 Bb7 16. Nd3 {1-0 (60) Aronian,L (2767)-Caruana,F (2822) chess.com INT 2018}) 9. Be2 b5 {[%cal Bb7b5,Bb5b4][%mdl 32]} 10. Nd1 $146 ({Predecessor:} 10. a3 Qa5 11. O-O Nb6 12. b4 Qa6 13. Rfb1 Na4 14. Nxa4 Qxa4 15. c3 Bd7 16. Bd1 {1-0 (40) Byambaa,U (2093)-LaCounte,B (1924) San Francisco 2012}) 10... b4 {The position is equal.} 11. c3 a5 12. O-O O-O 13. Nf2 Nb6 14. g4 a4 15. cxb4 ({Better is} 15. a3 $11) 15... Nxb4 (15... Bxb4 $15 16. Qc2 a3) 16. a3 $1 $11 {[%cal Ra3b4]} Nc6 17. g5 Na5 18. Qe1 f5 $2 (18... c3 $11 19. Qxc3 Nbc4) 19. exf6 $16 gxf6 20. Ng4 f5 21. Nh6+ Kg7 22. Rf2 Nb3 (22... c3 $16 {was called for.}) 23. Rb1 ({White should play} 23. Rd1 $18) 23... Bd7 24. Bd1 ({White should try} 24. Ne5 $16) 24... Bd6 $14 25. Rg2 Nc8 26. Nh4 (26. Bxb3 $16 axb3 27. h4) 26... Ne7 $1 $11 27. Qg3 {And now g6 would win.} Be8 28. Bc2 Rc8 29. Qe1 Rc6 30. Bxb3 axb3 31. Bd2 Bd7 32. Bb4 {White threatens Bxd6 and mate.} Qb8 33. Bxd6 Qxd6 34. Qd2 Ra8 35. Rg3 {[#]} c3 $1 {[%cal Rc3d2][%mdl 512]} 36. bxc3 Rxa3 {White must now prevent ...Ra2.} 37. c4 $2 {[%mdl 8192]} (37. g6 $15 Ra2 38. gxh7+ Kxh7 39. Qe1 Qxf4 40. Nf7 Rxc3 41. Ng5+ Kh6 42. Nhf3) 37... dxc4 $19 38. d5 {Hoping for Qc3+.} Qc5+ 39. Kf1 exd5 {[%cal Be6d5,Bd5d4][%mdl 32]} 40. Re1 Kf8 {...c3 is the strong threat.} 41. Rge3 {[#]} Re6 $1 {[%mdl 512]} 42. Rxe6 Bxe6 43. Qc3 d4 44. Qg3 b2 45. Qg2 c3 46. g6 Bc4+ 47. Kg1 d3+ {Black mates.} 48. Kh1 hxg6 49. Qg5 Bd5+ 50. Ng2 Ra1 {Precision: White = 37%, Black = 61%.} 0-1

[Event "2nd AICF Women-GM 2018"]
[Site "Hyderabad"]
[Date "2018.08.15"]
[Round "10"]
[White "Mahalakshmi, Muganda Kumar"]
[Black "Prudnykova, Olga"]
[Result "1-0"]
[WhiteElo "2177"]
[BlackElo "2272"]
[Annotator "TA"]
[PlyCount "101"]
[EventDate "2018.08.09"]
[EventType "tourn"]
[EventCountry "IND"]
[SourceTitle "playchess.com"]
[Source "ChessBase"]
[SourceQuality "1"]

{[%evp 27,101,12,21,0,0,0,0,0,0,0,0,0,0,0,0,-2,0,0,0,-11,5,29,32,28,65,69,52,22,35,43,43,39,22,34,193,194,199,184,185,142,200,183,298,298,298,291,291,302,1174,1015,29970,29971,29972,29973,29973,29974,29973,29975,29974,29975,29975,29976,29976,29976,29974,29975,29978,29978,29980,29981,29981,29981,29981,29982,29981,29982]} 1. Nf3 Nf6 2. g3 g6 3. Bg2 Bg7 4. d4 c5 5. O-O cxd4 6. Nxd4 d5 7. c4 O-O 8. cxd5 Nxd5 9. Nc3 Nxc3 10. bxc3 a6 11. Qb3 Qc7 12. Ba3 {D75: Fianchetto Grünfeld: Main Line with 7...c5} Re8 13. Rab1 Nd7 {[%cal Bb8d7,Bd7e5,Be5c4][%mdl 32]} 14. Rfd1 Ne5 {LiveBook: 3 Games} 15. Qb4 (15. Qd5 Qxc3 16. Bb4 Qc4 17. Qa5 Nd3 18. Rxd3 Bxd4 19. Bd5 Qc2 20. Rbd1 Bf6 21. R3d2 Qf5 22. Bf3 {½-½ (22) Harikrishna,P (2731)-Leko,P (2713) Tsaghkadzor 2015}) 15... Nc4 16. Qc5 $146 ({Predecessor:} 16. Bd5 Nxa3 17. Qxa3 {0-1 (96) Koksal,E (2220)-Sanal,V (2404) Skopje 2013}) 16... Qxc5 17. Bxc5 e5 18. Nc2 Bf5 19. e4 Be6 20. Rxb7 Rac8 21. Ba7 Na5 22. Rb2 Rxc3 {aiming for ...Nc4.} 23. Ne3 Nc6 24. Bb6 Nd4 25. Nd5 Bxd5 26. exd5 {Black must now prevent d6.} Bf8 $1 27. f4 Ba3 28. Rbb1 $36 {[%mdl 2048] Hoping for fxe5. White has some pressure.} f6 29. fxe5 fxe5 30. Kh1 Re3 $2 {[#]} (30... Rc2 $14) 31. Bc7 $1 $18 {Threatens to win with d6.} Re7 32. d6 Rd7 33. Rb6 Kf7 (33... Rc3 $16 34. Rf1 (34. Rxa6 Kg7 $16) 34... Kg7) 34. Rxa6 Ke6 {[#]} (34... h5 {was worth a try.} 35. Rf1+ Kg7) 35. Rxa3 $1 {[%mdl 512]} Rxa3 {[#]} 36. Rxd4 $1 {[%mdl 512]} exd4 37. Bh3+ Kf7 $2 (37... Kd5 38. Bxd7 d3) 38. Bxd7 Rxa2 39. Bb5 {White mates.} Ra8 40. d7 Ke7 41. Kg2 Rf8 42. d8=Q+ Rxd8 43. Bxd8+ Kxd8 {[%mdl 4096] Endgame KB-K3P} 44. Kf3 Ke7 45. Ke4 Kf6 46. Kxd4 h5 47. Ke4 h4 48. g4 h3 49. Kf4 g5+ 50. Kg3 Ke5 51. Bf1 {Precision: White = 75%, Black = 37%.} 1-0

[Event "2nd AICF Women-GM 2018"]
[Site "Hyderabad"]
[Date "2018.08.15"]
[Round "10"]
[White "Chitlange, Sakshi"]
[Black "Aakanksha, Hagawane"]
[Result "1-0"]
[WhiteElo "2144"]
[BlackElo "2292"]
[Annotator "TA"]
[PlyCount "63"]
[EventDate "2018.08.09"]
[EventType "tourn"]
[EventCountry "IND"]
[SourceTitle "playchess.com"]
[Source "ChessBase"]
[SourceQuality "1"]

{[%evp 17,63,14,24,4,2,7,4,-2,9,12,22,0,0,-5,18,18,14,16,54,55,237,238,185,47,110,104,89,27,42,12,58,67,61,57,64,73,177,145,343,253,264,266,269,262,269,253,627,614]} 1. d4 Nf6 2. c4 g6 3. Nc3 d5 4. cxd5 Nxd5 5. Bd2 Bg7 6. e4 Nxc3 7. Bxc3 O-O 8. Qd2 Nd7 {D85: Exchange Grünfeld: Unusual White 7th moves and lines with 7 Nf3} 9. Nf3 b6 {LiveBook: 6 Games} 10. Bb5 $146 ({Predecessor:} 10. Bd3 e6 11. O-O c5 12. Rfd1 Bb7 13. Qe3 Qe7 14. Rac1 Rac8 15. Bb5 Nf6 16. Bd3 {½-½ (39) Lenic,L (2640)-Sutovsky,E (2620) Austria 2016}) 10... Bb7 {The position is equal.} 11. Qe3 c6 12. Bd3 Qc7 13. O-O e5 14. Rac1 exd4 15. Nxd4 Ne5 16. Be2 $36 {[%mdl 2048] White has some pressure.} c5 17. Nb5 Qc6 18. f4 Nd7 $2 ({Better is} 18... a6 $14) 19. Bxg7 $18 Kxg7 {[#]} 20. Nc3 ({White should try} 20. Rcd1 $1 $18) 20... Qe6 (20... Rad8 $14) 21. b3 Nf6 {[%cal Rb7e4]} 22. Bf3 (22. Bc4 $16 Qg4 23. h3) 22... Rad8 $11 23. Rcd1 Rfe8 {With the idea ...Rxd1.} 24. e5 Nd5 25. Bxd5 $1 Bxd5 26. f5 {[%cal Bf4f5,Bf5f6][%mdl 32]} Qxe5 (26... gxf5 $16 27. Qg5+ (27. Nxd5 Rxd5 28. Rxd5 Qxd5 $11) 27... Kh8) 27. f6+ Kh8 $2 (27... Qxf6 $16 28. Qxe8 Qxf1+ 29. Rxf1 Rxe8) 28. Qxe5 ({Worse is} 28. Nxd5 Rxd5 29. Qxe5 Rexe5 $17) 28... Rxe5 29. Rf2 Rd6 30. Rfd2 Rxf6 {[#] ...Bc6 is the strong threat.} 31. Rxd5 ({Don't do} 31. Nxd5 $6 Rd6 $16) 31... Re3 $2 (31... Rxd5 32. Rxd5 Kg7) 32. Rd8+ {Precision: White = 53%, Black = 23%.} 1-0

[Event "2nd AICF Women-GM 2018"]
[Site "Hyderabad"]
[Date "2018.08.16"]
[Round "11"]
[White "Munguntuul, Batkhuyag"]
[Black "Chitlange Sakshi"]
[Result "1/2-1/2"]
[WhiteElo "2428"]
[BlackElo "2144"]
[Annotator "TA"]
[PlyCount "57"]
[EventDate "2018.08.09"]
[EventType "tourn"]
[EventCountry "IND"]
[SourceTitle "playchess.com"]
[Source "ChessBase"]
[SourceQuality "1"]

{[%evp 15,57,19,31,0,11,7,10,8,12,0,9,8,15,-2,42,0,43,-5,8,0,18,14,20,-20,-12,-33,-4,-41,-54,-65,0,0,-3,-70,0,0,0,0,0,0,0,0,0,0]} 1. e4 c6 2. d4 d5 3. e5 Bf5 4. h4 h5 5. Bd3 Bxd3 6. Qxd3 e6 7. Bg5 {B12: Caro-Kann: Advance Variation} Qa5+ (7... Be7 8. Nf3 Nh6 9. Nc3 Nd7 10. Ne2 c5 11. Nf4 cxd4 12. Nxh5 Qa5+ 13. Bd2 Qb6 14. Nxg7+ Kf8 {0-1 (41) Saric,I (2664)-Le,Q (2737) chess.com INT 2018}) 8. Nd2 c5 {LiveBook: 7 Games} 9. c3 {[%cal Bc2c3,Bc3c4][%mdl 32] White is slightly better.} (9. Ngf3 {is more complex.} cxd4 10. O-O Nc6 11. Nb3 Qa6 12. Qxa6 bxa6 13. Rfd1) 9... Qa6 10. Qxa6 Nxa6 11. Ngf3 Rc8 12. O-O Ne7 13. c4 Nf5 14. Rac1 b6 15. Rfd1 $146 Be7 16. Nf1 Bxg5 17. hxg5 dxc4 18. Rxc4 b5 19. Rcc1 Ke7 20. dxc5 Nxc5 21. Nd4 Nxd4 22. Rxd4 Rhd8 (22... Na4 $15 23. Rb1 Rhd8 24. Rxd8 Rxd8) 23. Rxd8 $11 Kxd8 {[%mdl 4096] Endgame KRN-KRN} 24. Ng3 ({White should try} 24. Rd1+ $1 $11 Ke8 25. Ng3) 24... g6 (24... Nd3 $1 $15 25. Rd1 Rc1 26. Rxc1 Nxc1) 25. Rd1+ $1 {The position is equal.} Ke7 26. Rc1 Kd8 27. Rd1+ Ke7 28. Rc1 {[#] Ne4! is the strong threat.} Kd8 29. Rd1+ $1 {Precision: White = 46%, Black = 49%.} 1/2-1/2

[Event "2nd AICF Women-GM 2018"]
[Site "Hyderabad"]
[Date "2018.08.16"]
[Round "11"]
[White "Vo, Thi Kim Phung"]
[Black "Hoang, Thi Bao Tram"]
[Result "1-0"]
[WhiteElo "2377"]
[BlackElo "2364"]
[Annotator "TA"]
[PlyCount "99"]
[EventDate "2018.08.09"]
[EventType "tourn"]
[EventCountry "IND"]
[SourceTitle "playchess.com"]
[Source "ChessBase"]
[SourceQuality "1"]

{[%evp 28,99,14,4,19,20,25,20,12,13,27,30,52,53,71,65,62,37,41,0,43,39,41,0,0,0,0,0,39,15,299,308,318,318,306,290,279,238,528,517,508,486,543,515,704,668,695,668,615,406,491,397,444,432,518,499,651,659,791,786,765,758,1015,1022,937,925,1040,1036,1004,981,29996,29995,29997,139]} 1. d4 d5 2. c4 c6 3. Nc3 Nf6 4. Nf3 e6 5. Bg5 Nbd7 6. cxd5 exd5 7. e3 Be7 8. Qc2 h6 9. Bh4 O-O 10. Bd3 Re8 11. O-O Ne4 12. Bxe7 Qxe7 13. Bxe4 dxe4 14. Nd2 Nf6 15. Rfc1 {LiveBook: 4 Games. D36: Queen's Gambit Declined: Exchange Variation: Main line (5 Bg5 c6 6 Qc2)} Bf5 16. Rab1 (16. Ne2 Nd5 17. Qc5 Qg5 18. Nc4 Re6 19. Nd6 Bg4 20. Ng3 h5 21. Ndxe4 Qg6 22. h3 Bxh3 23. gxh3 Rxe4 {0-1 (32) Yankelevich,L (2414)-Buhmann,R (2641) Vienna 2016 CBM 173 Extra [Baldauf,M]}) 16... Rac8 17. b4 {White has an edge.} h5 18. Qa4 a6 19. Qa5 Bd7 $146 ({Predecessor:} 19... g6 20. Nc4 h4 21. h3 Nh7 {1-0 (41) Menna Barreto,F (2252)-Abdalla,L (2319) Guarapari 2012}) 20. Qg5 g6 21. Nc4 Bf5 22. Na5 {Threatens to win with Nxb7!} Kg7 23. h4 Rb8 24. a4 Qc7 25. Qxf6+ (25. Ne2 {looks sharper.} Ng4 26. Qf4 Qe7 27. Nc4 Rbd8 28. Qg3) 25... Kxf6 {[#]} 26. Nd5+ $1 {[%mdl 512]} cxd5 27. Rxc7 Re7 28. Rbc1 Re6 $2 {[%mdl 8192]} (28... Rxc7 $11 {and Black has nothing to worry.} 29. Rxc7 b5) 29. Nxb7 $18 Rb6 30. R1c6+ Rxc6 31. Rxc6+ {[%mdl 4096] Endgame KRB-KRN} Kg7 32. Rc7 Be6 $2 (32... Bg4 33. b5 axb5) 33. Nc5 Bc8 34. Kh2 Kf8 35. Kg3 Ra8 36. Kf4 f6 37. Rc6 Kf7 38. Rd6 Rb8 39. Rxd5 Rxb4 40. Rd6 a5 41. Nxe4 Rxa4 42. Rxf6+ Kg7 43. Kg5 Bf5 44. Nd6 Bd3 45. Rf7+ Kg8 46. Kf6 {[#] Rg7+ would kill now.} Ra2 47. Rg7+ Kf8 48. f4 {Threatening mate with Rd7.} a4 49. Rb7 {[%cal Rb7b8]} Kg8 50. Rb8+ {Precision: White = 65%, Black = 34%.} 1-0

[Event "2nd AICF Women-GM 2018"]
[Site "Hyderabad"]
[Date "2018.08.16"]
[Round "11"]
[White "Pratyusha, Bodda"]
[Black "Monnisha G K"]
[Result "1-0"]
[WhiteElo "2294"]
[BlackElo "2219"]
[Annotator "ChessBase"]
[PlyCount "55"]
[EventDate "2018.08.09"]
[EventType "tourn"]
[EventCountry "IND"]
[SourceTitle "playchess.com"]
[Source "ChessBase"]
[SourceQuality "1"]
[TimeControl "40/5400+30:1800+30"]

1. d4 {[%emt 0:00:00]} Nf6 {[%emt 0:00:00]} 2. c4 {[%emt 0:00:00]} Nc6 {[%emt 0:00:00]} 3. Nc3 {[%emt 0:00:00]} e5 {[%emt 0:00:00]} 4. d5 {[%emt 0:00:17]} Ne7 {[%emt 0:00:00]} 5. e4 {[%emt 0:02:19]} Ng6 {[%emt 0:00:58]} 6. Be3 {[%emt 0:00:30]} Bb4 {[%emt 0:03:14]} 7. Bd3 Nh4 {[%emt 0:00:30]} 8. Kf1 {[%emt 0:00:38]} Bxc3 {[%emt 0:01:09]} 9. bxc3 {[%emt 0:00:05]} d6 {[%emt 0:00:09]} 10. h3 {[%emt 0:00:28]} h6 {[%emt 0:02:21]} 11. c5 {[%emt 0:01:03]} O-O {[%emt 0:07:13]} 12. g3 {[%emt 0:01:38]} Ng6 {[%emt 0:01:30]} 13. Ne2 {[%emt 0:00:35]} b6 14. c6 {[%emt 0:03:26]} Nh7 {[%emt 0:03:29]} 15. Qc2 {[%emt 0:04:31]} Ng5 {[%emt 0:01:17]} 16. Kg2 f5 17. exf5 {[%emt 0:09:07]} e4 {[%emt 0:08:47]} 18. Bxe4 Nxe4 {[%emt 0:00:19]} 19. fxg6 {[%emt 0:00:36]} Qe8 {[%emt 0:09:57]} 20. Nf4 {[%emt 0:03:52]} Ng5 {[%emt 0:02:17]} 21. g4 {[%emt 0:06:06]} Qe5 {[%emt 0:02:00]} 22. Rae1 {[%emt 0:01:34]} Ba6 {[%emt 0:17:28]} 23. Bc1 {[%emt 0:06:02]} Qf6 {[%emt 0:03:09]} 24. h4 {[%emt 0:00:26]} Bc4 {[%emt 0:01:20]} 25. hxg5 {[%emt 0:03:22]} hxg5 {[%emt 0:00:55]} 26. Rh3 {[%emt 0:09:06]} gxf4 {[%emt 0:00:58]} 27. Reh1 {[%emt 0:00:09]} Bxd5+ {[%emt 0:00:04]} 28. f3 {[%emt 0:00:09]} 1-0

[Event "2nd AICF Women-GM 2018"]
[Site "Hyderabad"]
[Date "2018.08.16"]
[Round "11"]
[White "Aakanksha Hagawane"]
[Black "Nandhidhaa, PV."]
[Result "1-0"]
[WhiteElo "2292"]
[BlackElo "2266"]
[Annotator "ChessBase"]
[PlyCount "119"]
[EventDate "2018.08.09"]
[EventType "tourn"]
[EventCountry "IND"]
[SourceTitle "playchess.com"]
[Source "ChessBase"]
[SourceQuality "1"]
[TimeControl "40/5400+30:1800+30"]

1. e4 {[%emt 0:00:00]} c5 {[%emt 0:01:19]} 2. Nf3 {[%emt 0:00:00]} e6 {[%emt 0:00:03]} 3. c4 {[%emt 0:00:00]} Nc6 {[%emt 0:00:06]} 4. Nc3 {[%emt 0:00:04]} Nf6 {[%emt 0:00:07]} 5. Be2 {[%emt 0:00:14]} d5 {[%emt 0:02:45]} 6. exd5 {[%emt 0:00:39]} exd5 {[%emt 0:00:07]} 7. d4 {[%emt 0:00:16]} cxd4 {[%emt 0:04:01]} 8. Nxd4 {[%emt 0:00:18]} dxc4 {[%emt 0:01:17]} 9. Nxc6 {[%emt 0:00:26]} Qxd1+ {[%emt 0:00:24]} 10. Nxd1 {[%emt 0:00:09]} bxc6 {[%emt 0:00:08]} 11. Bxc4 {[%emt 0:00:25]} Bb4+ {[%emt 0:01:14]} 12. Bd2 {[%emt 0:00:56]} Bxd2+ {[%emt 0:00:47]} 13. Kxd2 {[%emt 0:00:02]} O-O {[%emt 0:00:20]} 14. Ne3 {[%emt 0:02:15]} Nd5 {[%emt 0:03:42]} 15. Rhd1 {[%emt 0:04:35]} Nxe3 {[%emt 0:06:53]} 16. Kxe3 {[%emt 0:00:36]} Re8+ {[%emt 0:00:25]} 17. Kf3 {[%emt 0:00:52]} Bf5 {[%emt 0:04:02]} 18. Rac1 {[%emt 0:06:00]} h5 {[%emt 0:10:09]} 19. Kg3 {[%emt 0:04:18]} Rad8 {[%emt 0:16:27]} 20. Bb3 {[%emt 0:15:25]} Rxd1 {[%emt 0:01:32]} 21. Rxd1 {[%emt 0:00:12]} Kf8 {[%emt 0:07:39]} 22. Rd6 {[%emt 0:03:11]} Rc8 {[%emt 0:00:11]} 23. Kf4 {[%emt 0:03:20]} Ke7 {[%emt 0:00:17]} 24. Rd4 {[%emt 0:01:06]} g6 {[%emt 0:01:40]} 25. h3 {[%emt 0:02:36]} c5 {[%emt 0:00:29]} 26. Ra4 {[%emt 0:03:03]} Rc7 {[%emt 0:00:18]} 27. g4 {[%emt 0:01:40]} hxg4 {[%emt 0:00:17]} 28. hxg4 {[%emt 0:00:02]} Bd3 {[%emt 0:02:02]} 29. Bc4 {[%emt 0:00:55]} Bxc4 {[%emt 0:01:50]} 30. Rxc4 {[%emt 0:00:01]} Kd6 {[%emt 0:00:10]} 31. Kg5 {[%emt 0:01:25]} Kd5 {[%emt 0:05:48]} 32. b3 {[%emt 0:01:38]} Rc6 {[%emt 0:00:37]} 33. Rf4 {[%emt 0:01:02]} Rc7 {[%emt 0:00:30]} 34. Kf6 {[%emt 0:00:32]} Rb7 {[%emt 0:05:17]} 35. g5 {[%emt 0:01:12]} Rb6+ {[%emt 0:05:28]} 36. Kxf7 {[%emt 0:00:14]} Ra6 {[%emt 0:00:03]} 37. Rf6 {[%emt 0:04:06]} Rxa2 {[%emt 0:00:06]} 38. Kxg6 {[%emt 0:00:06]} Rb2 {[%emt 0:00:29]} 39. Rf3 {[%emt 0:08:18]} Ke4 {[%emt 0:00:10]} 40. Rh3 {[%emt 0:04:13]} Rxf2 {[%emt 0:02:15]} 41. Kh7 {[%emt 0:30:36]} Rf7+ {[%emt 0:34:44]} 42. Kh6 {[%emt 0:00:15]} Rf8 {[%emt 0:00:32]} 43. Rc3 {[%emt 0:01:39]} Rh8+ {[%emt 0:03:02]} 44. Kg7 {[%emt 0:00:27]} Rb8 {[%emt 0:00:14]} 45. Rxc5 {[%emt 0:01:08]} Rxb3 {[%emt 0:00:06]} 46. g6 {[%emt 0:00:18]} Kd4 {[%emt 0:03:35]} 47. Ra5 {[%emt 0:00:11]} Rb7+ {[%emt 0:00:26]} 48. Kh6 {[%emt 0:01:55]} Kc4 {[%emt 0:00:05]} 49. Ra1 {[%emt 0:01:20]} Rb2 {[%emt 0:03:10]} 50. Rxa7 {[%emt 0:02:33]} Rh2+ {[%emt 0:00:06]} 51. Kg7 {[%emt 0:01:17]} Kd5 {[%emt 0:00:05]} 52. Re7 {[%emt 0:00:21]} Kd6 {[%emt 0:00:15]} 53. Re1 {[%emt 0:00:17]} Rg2 {[%emt 0:00:21]} 54. Kf7 {[%emt 0:00:12]} Rf2+ {[%emt 0:00:16]} 55. Kg8 {[%emt 0:00:16]} Ra2 {[%emt 0:00:18]} 56. g7 {[%emt 0:00:20]} Rg2 {[%emt 0:00:25]} 57. Rh1 {[%emt 0:00:26]} Ke7 {[%emt 0:02:30]} 58. Kh7 {[%emt 0:00:12]} Kf7 {[%emt 0:00:23]} 59. Rf1+ {[%emt 0:00:15]} Ke7 {[%emt 0:00:07]} 60. g8=Q {[%emt 0:00:10]} 1-0

[Event "2nd AICF Women-GM 2018"]
[Site "Hyderabad"]
[Date "2018.08.16"]
[Round "11"]
[White "Babiy, Olga"]
[Black "Mahalakshmi, M."]
[Result "1-0"]
[WhiteElo "2291"]
[BlackElo "2177"]
[Annotator "ChessBase"]
[PlyCount "115"]
[EventDate "2018.08.09"]
[EventType "tourn"]
[EventCountry "IND"]
[SourceTitle "playchess.com"]
[Source "ChessBase"]
[SourceQuality "1"]
[TimeControl "40/5400+30:1800+30"]

1. e4 {[%emt 0:00:00]} c6 {[%emt 0:00:00]} 2. Nc3 {[%emt 0:00:00]} d5 {[%emt 0:00:00]} 3. Nf3 {[%emt 0:00:00]} dxe4 {[%emt 0:00:00]} 4. Nxe4 {[%emt 0:00:01]} Nf6 {[%emt 0:00:02]} 5. Qe2 {[%emt 0:02:23]} e6 {[%emt 0:04:41]} 6. Nxf6+ {[%emt 0:01:58]} Qxf6 {[%emt 0:01:15]} 7. d4 {[%emt 0:01:00]} Qd8 {[%emt 0:03:22]} 8. g3 {[%emt 0:03:45]} Be7 {[%emt 0:02:12]} 9. Bg2 {[%emt 0:00:42]} Nd7 {[%emt 0:00:50]} 10. O-O {[%emt 0:01:51]} O-O {[%emt 0:00:58]} 11. Rd1 {[%emt 0:02:05]} b6 {[%emt 0:05:20]} 12. Bf4 {[%emt 0:02:37]} Bb7 {[%emt 0:01:18]} 13. c4 {[%emt 0:00:46]} Re8 {[%emt 0:02:54]} 14. Ne1 {[%emt 0:05:10]} Qc8 {[%emt 0:08:44]} 15. Qe4 {[%emt 0:07:56]} Nf8 {[%emt 0:04:39]} 16. Nd3 {[%emt 0:08:53]} Ng6 {[%emt 0:03:26]} 17. Be3 {[%emt 0:06:14]} Bf6 {[%emt 0:06:03]} 18. Ne5 {[%emt 0:13:29]} Qc7 {[%emt 0:06:50]} 19. Bf4 {[%emt 0:05:52]} Nxf4 {[%emt 0:07:03]} 20. gxf4 {[%emt 0:00:05]} Rab8 {[%emt 0:01:41]} 21. c5 {[%emt 0:00:32]} Bxe5 {[%emt 0:01:30]} 22. fxe5 {[%emt 0:02:27]} Qe7 {[%emt 0:00:52]} 23. b4 {[%emt 0:00:27]} Red8 {[%emt 0:04:30]} 24. Rac1 {[%emt 0:02:30]} a5 {[%emt 0:06:37]} 25. b5 {[%emt 0:02:24]} cxb5 {[%emt 0:03:05]} 26. c6 {[%emt 0:00:02]} Ba8 {[%emt 0:00:28]} 27. Qe2 {[%emt 0:00:45]} Rdc8 {[%emt 0:05:47]} 28. Qxb5 {[%emt 0:00:16]} h6 {[%emt 0:02:31]} 29. a4 {[%emt 0:02:06]} Rc7 {[%emt 0:01:25]} 30. Rc3 {[%emt 0:00:53]} Qg5 {[%emt 0:03:55]} 31. h3 {[%emt 0:06:31]} Rbc8 {[%emt 0:03:29]} 32. Rdc1 {[%emt 0:02:49]} Rb8 {[%emt 0:00:51]} 33. Qe2 {[%emt 0:03:28]} Rd8 {[%emt 0:01:05]} 34. Qe3 {[%emt 0:00:54]} Qe7 {[%emt 0:03:34]} 35. Rb1 {[%emt 0:00:25]} Rb8 {[%emt 0:00:25]} 36. Qc1 {[%emt 0:01:19]} Qd8 {[%emt 0:00:49]} 37. Rc4 {[%emt 0:02:12]} Qe8 {[%emt 0:00:45]} 38. Qc3 {[%emt 0:01:07]} Qd8 {[%emt 0:00:48]} 39. f4 {[%emt 0:02:22]} g6 {[%emt 0:01:33]} 40. Qe3 {[%emt 0:04:30]} Kh7 {[%emt 0:02:12]} 41. Kh2 {[%emt 0:30:32]} Rcc8 {[%emt 0:05:31]} 42. Qc3 {[%emt 0:00:00]} Rc7 {[%emt 0:03:29]} 43. Rb5 {[%emt 0:00:00]} Qh4 {[%emt 0:05:12]} 44. d5 {[%emt 0:00:00]} exd5 {[%emt 0:00:12]} 45. Rxd5 {[%emt 0:00:00]} Qe7 {[%emt 0:02:53]} 46. Rd6 {[%emt 0:00:00]} b5 {[%emt 0:00:44]} 47. axb5 {[%emt 0:00:00]} Rxb5 {[%emt 0:00:02]} 48. Qd4 {[%emt 0:00:00]} Rb3 49. Rc3 {[%emt 0:00:00]} Rb2 {[%emt 0:09:07]} 50. Rc1 {[%emt 0:00:00]} Rb4 {[%emt 0:00:55]} 51. Qd2 {[%emt 0:00:00]} Rb8 {[%emt 0:03:39]} 52. Rc2 {[%emt 0:00:00]} Rbc8 {[%emt 0:04:58]} 53. Qxa5 {[%emt 0:02:45]} Qh4 {[%emt 0:00:22]} 54. Qd2 {[%emt 0:00:24]} Re7 {[%emt 0:00:55]} 55. Qf2 {[%emt 0:00:34]} Qh5 {[%emt 0:00:34]} 56. Rd7 {[%emt 0:02:37]} Rxd7 {[%emt 0:00:49]} 57. cxd7 {[%emt 0:00:01]} Bxg2 {[%emt 0:00:45]} 58. dxc8=Q {[%emt 0:00:39]} 1-0

[Event "2nd AICF Women-GM 2018"]
[Site "Hyderabad"]
[Date "2018.08.16"]
[Round "11"]
[White "Prudnykova, Olga"]
[Black "Nakhbayeva, Guliskhan"]
[Result "1-0"]
[WhiteElo "2272"]
[BlackElo "2352"]
[Annotator "ChessBase"]
[PlyCount "79"]
[EventDate "2018.08.09"]
[EventType "tourn"]
[EventCountry "IND"]
[SourceTitle "playchess.com"]
[Source "ChessBase"]
[SourceQuality "1"]
[TimeControl "40/5400+30:1800+30"]

1. b3 {[%emt 0:00:00]} e5 {[%emt 0:00:00]} 2. Bb2 {[%emt 0:00:00]} Nc6 {[%emt 0:00:00]} 3. e3 {[%emt 0:00:00]} Nf6 {[%emt 0:00:00]} 4. Nf3 {[%emt 0:00:00]} e4 {[%emt 0:00:35]} 5. Nd4 {[%emt 0:00:00]} Bc5 {[%emt 0:05:14]} 6. Nxc6 {[%emt 0:00:54]} bxc6 {[%emt 0:01:22]} 7. d3 {[%emt 0:11:30]} Bb4+ {[%emt 0:05:50]} 8. Nd2 {[%emt 0:01:54]} exd3 {[%emt 0:06:28]} 9. Bxd3 {[%emt 0:00:56]} d5 {[%emt 0:00:15]} 10. O-O {[%emt 0:02:45]} O-O {[%emt 0:01:14]} 11. h3 {[%emt 0:01:03]} Qe7 {[%emt 0:01:26]} 12. a3 {[%emt 0:06:59]} Bd6 {[%emt 0:00:32]} 13. Qf3 {[%emt 0:03:07]} Nd7 {[%emt 0:06:43]} 14. e4 {[%emt 0:05:41]} Qg5 {[%emt 0:12:17]} 15. Qd1 {[%emt 0:20:46]} Qf4 {[%emt 0:06:10]} 16. g3 {[%emt 0:05:23]} Qh6 {[%emt 0:00:34]} 17. exd5 {[%emt 0:07:58]} cxd5 {[%emt 0:05:14]} 18. Nf3 {[%emt 0:02:06]} Nc5 {[%emt 0:03:09]} 19. h4 {[%emt 0:04:58]} Bg4 {[%emt 0:04:50]} 20. Be2 {[%emt 0:01:17]} Rae8 {[%emt 0:03:35]} 21. Nd4 {[%emt 0:00:57]} Rxe2 {[%emt 0:03:00]} 22. Nxe2 {[%emt 0:00:07]} Bf3 {[%emt 0:03:39]} 23. b4 {[%emt 0:02:51]} Ne4 {[%emt 0:09:10]} 24. Qd3 {[%emt 0:00:30]} Ng5 {[%emt 0:00:34]} 25. Qf5 {[%emt 0:04:36]} f6 {[%emt 0:05:22]} 26. Nd4 {[%emt 0:04:19]} g6 {[%emt 0:02:22]} 27. Qd7 {[%emt 0:00:02]} Rf7 {[%emt 0:04:12]} 28. Qc8+ {[%emt 0:00:24]} Rf8 {[%emt 0:00:30]} 29. Qd7 {[%emt 0:00:04]} Be4 {[%emt 0:00:42]} 30. Qg4 {[%emt 0:00:47]} Be7 {[%emt 0:06:39]} 31. Bc1 {[%emt 0:03:44]} c5 {[%emt 0:02:35]} 32. f3 {[%emt 0:01:00]} f5 {[%emt 0:01:13]} 33. Bxg5 {[%emt 0:01:03]} Qg7 {[%emt 0:00:08]} 34. Ne6 {[%emt 0:05:03]} Qxa1 {[%emt 0:00:03]} 35. Rxa1 {[%emt 0:00:03]} fxg4 {[%emt 0:00:05]} 36. Nxf8 {[%emt 0:00:05]} Bxg5 {[%emt 0:00:58]} 37. hxg5 {[%emt 0:00:18]} Bxc2 {[%emt 0:00:50]} 38. Ne6 {[%emt 0:00:24]} c4 {[%emt 0:00:58]} 39. Nd4 {[%emt 0:00:34]} Bd3 {[%emt 0:00:27]} 40. fxg4 1-0